Прямые и обратные задачи геоэлектрики

التفاصيل البيبلوغرافية
مؤلف مشترك: Академия наук СССР (АН СССР) Институт земного магнетизма, ионосферы и распространения радиоволн (ИЗМИРАН)
مؤلفون آخرون: Жданов М. С. (редактор)
اللغة:الروسية
منشور في: Москва, Наука, 1990
الموضوعات:
التنسيق: MixedMaterials كتاب
KOHA link:https://koha.lib.tpu.ru/cgi-bin/koha/opac-detail.pl?biblionumber=167812

MARC

LEADER 00000nam0a2200000 4500
001 167812
005 20231031162918.0
010 |a 5020001368 
035 |a (RuTPU)RU\TPU\book\182060 
090 |a 167812 
100 |a 20091021d1990 k y0rusy50 ca 
101 0 |a rus 
102 |a RU 
105 |a a z 001zy 
200 1 |a Прямые и обратные задачи геоэлектрики  |f Академия наук СССР (АН СССР), Институт земного магнетизма, ионосферы и распространения радиоволн (ИЗМИРАН); под ред. М. С. Жданова 
210 |a Москва  |c Наука  |d 1990 
215 |a 101 с.  |c ил. 
320 |a Библиография в конце глав. 
610 1 |a геоэлектрика 
610 1 |a прямые задачи 
610 1 |a обратные задачи 
610 1 |a алгоритмы 
610 1 |a исследования 
675 |a 550.37  |v 3 
702 1 |a Жданов  |b М. С.  |4 340 
712 0 2 |a Академия наук СССР (АН СССР)  |b Институт земного магнетизма, ионосферы и распространения радиоволн (ИЗМИРАН)  |2 stltpush  |3 (RuTPU)RU\TPU\col\12157 
801 1 |a RU  |b 63413507  |c 20091021 
801 2 |a RU  |b 63413507  |c 20100907  |g RCR 
942 |c BK